| 000 | 00673cam a22002293a 4500 | ||
|---|---|---|---|
| 001 | 19878 | ||
| 003 | PGUSA | ||
| 005 | 20140828083424.0 | ||
| 008 | 061120s2006||||xxu|||||s|||||000 | eng d | ||
| 040 |
_aPGUSA _beng |
||
| 042 | _adc | ||
| 050 | 4 | _aF106 | |
| 100 | 1 |
_aLeighton, Marshall Ora, _d1874-1958 |
|
| 245 | 1 | 4 |
_aThe Passaic Flood of 1903 _h[electronic resource] / _cMarshall Ora Leighton |
| 260 |
_bProject Gutenberg, _c2006 |
||
| 506 | _aPublic domain in the USA. | ||
| 516 | _aElectronic text | ||
| 653 | _aFloods -- New Jersey -- Passaic River Valley | ||
| 830 | 0 |
_aProject Gutenberg _v19878 |
|
| 856 | 4 | 0 | _uhttp://www.gutenberg.org/ebooks/19878 |
| 942 | _cEB | ||
| 999 |
_c249133 _d249133 |
||